| 000 | 01255nam a22002894a 4500 | ||
|---|---|---|---|
| 001 | 525 | ||
| 003 | BR-RjBN | ||
| 005 | 20260525084942.0 | ||
| 008 | 000000s1980 rj 000 f por d | ||
| 040 |
_bpor _aBR-IBIA _cBR-IBIA _erda |
||
| 041 | 1 |
_apor _heng |
|
| 082 |
_a813 _bB811t |
||
| 100 | 1 | _aBradley, Marion Zimmer. | |
| 245 | 1 | 2 |
_aA teia de trevas / _cMarion Zimmer Bradley. |
| 250 | _a2. ed. | ||
| 260 |
_aRio de Janeiro : _bImago, _c1980. |
||
| 300 |
_a244 p. ; _c21 cm. |
||
| 490 | 1 |
_aA queda de Atlântida ; _v2 |
|
| 520 | _aSegundo volume da série “A queda de Atlântida”, a obra mistura fantasia, magia e conflitos políticos em um universo marcado por sociedades antigas e forças sobrenaturais. A narrativa acompanha personagens envolvidos em intrigas, disputas de poder e batalhas espirituais que ameaçam o destino de Atlântida. Com elementos místicos e forte construção psicológica, Marion Zimmer Bradley desenvolve uma trama envolvente sobre ambição, lealdade e decadência de uma civilização lendária. | ||
| 650 | 0 | _aLiteratura norte-americana. | |
| 650 | 0 |
_aFantasia. _945 |
|
| 650 | 0 |
_aMagia. _9785 |
|
| 650 | 0 | _aCivilizações antigas. | |
| 655 | 0 |
_aRomance. _923 |
|
| 655 | 0 |
_aFicção. _922 |
|
| 942 |
_2ddc _n0 _cBK |
||
| 999 |
_c525 _d525 |
||